О мотивации профессиональной деятельности преподавателей вуза; В мире научных открытий; № 2.1 (62)
| Parent link: | В мире научных открытий.— , 2008- № 2.1 (62).— 2015.— [С. 568-571] |
|---|---|
| Autor principal: | |
| Autor Corporativo: | |
| Outros Autores: | |
| Resumo: | Заглавие с экрана Основной задачей современной российской образовательной политики является обеспечение качества образования. Качество высшего образования во многом зависит от личности преподавателя, его профессиональной подготовленности, общей культуры, мотивации, условий труда. В статье рассматривается проблема мотивации труда преподавателей вуза. The primary goal of modern Russian educational policy is to provide the quality of education. Quality of higher education largely depends on the personality of the teacher, his professional qualification, general culture, motivation, working conditions. In this article we consider the problem of work motivation among university teachers. Режим доступа: по договору с организацией-держателем ресурса |
| Idioma: | russo |
| Publicado em: |
2015
|
| Assuntos: | |
| Acesso em linha: | http://elibrary.ru/item.asp?id=23167688 http://journal-s.org/index.php/vmno/article/view/4774 |
| Formato: | MixedMaterials Recurso Electrónico Capítulo de Livro |
| KOHA link: | https://koha.lib.tpu.ru/cgi-bin/koha/opac-detail.pl?biblionumber=642141 |
MARC
| LEADER | 00000nla0a2200000 4500 | ||
|---|---|---|---|
| 001 | 642141 | ||
| 005 | 20250124131550.0 | ||
| 035 | |a (RuTPU)RU\TPU\network\7080 | ||
| 090 | |a 642141 | ||
| 100 | |a 20150616d2015 k||y0rusy50 ca | ||
| 101 | 0 | |a rus | |
| 102 | |a RU | ||
| 135 | |a drcn ---uucaa | ||
| 181 | 0 | |a i | |
| 182 | 0 | |a b | |
| 200 | 1 | |a О мотивации профессиональной деятельности преподавателей вуза |d About motivation in professional activities of university teachers |f М. В. Куимова, Е. Пальчевская | |
| 203 | |a Текст |c электронный | ||
| 300 | |a Заглавие с экрана | ||
| 320 | |a [Библиогр.: с. 571 (8 назв.)] | ||
| 330 | |a Основной задачей современной российской образовательной политики является обеспечение качества образования. Качество высшего образования во многом зависит от личности преподавателя, его профессиональной подготовленности, общей культуры, мотивации, условий труда. В статье рассматривается проблема мотивации труда преподавателей вуза. | ||
| 330 | |a The primary goal of modern Russian educational policy is to provide the quality of education. Quality of higher education largely depends on the personality of the teacher, his professional qualification, general culture, motivation, working conditions. In this article we consider the problem of work motivation among university teachers. | ||
| 333 | |a Режим доступа: по договору с организацией-держателем ресурса | ||
| 461 | |t В мире научных открытий |d 2008- | ||
| 463 | |t № 2.1 (62) |v [С. 568-571] |d 2015 | ||
| 510 | 1 | |a About motivation in professional activities of university teachers |z eng | |
| 610 | 1 | |a электронный ресурс | |
| 610 | 1 | |a труды учёных ТПУ | |
| 610 | 1 | |a высшее образование | |
| 610 | 1 | |a технические вузы | |
| 610 | 1 | |a мотивация | |
| 610 | 1 | |a образовательные процессы | |
| 610 | 1 | |a условия труда | |
| 610 | 1 | |a материальное стимулирование | |
| 700 | 1 | |a Куимова |b М. В. |c лингвист |c заведующий кафедрой Томского политехнического университета, кандидат педагогических наук |f 1976- |g Марина Валерьевна |3 (RuTPU)RU\TPU\pers\27886 |9 12902 | |
| 701 | 1 | |a Пальчевская |b Е. |c химик-органик |c инженер Томского политехнического университета |f 1992- |g Екатерина |3 (RuTPU)RU\TPU\pers\35296 | |
| 712 | 0 | 2 | |a Национальный исследовательский Томский политехнический университет (ТПУ) |b Институт неразрушающего контроля (ИНК) |b Кафедра иностранных языков Института неразрушающего контроля (ИЯНК) |3 (RuTPU)RU\TPU\col\18721 |
| 801 | 2 | |a RU |b 63413507 |c 20150930 |g RCR | |
| 856 | 4 | |u http://elibrary.ru/item.asp?id=23167688 | |
| 856 | 4 | |u http://journal-s.org/index.php/vmno/article/view/4774 | |
| 942 | |c CF | ||